Primus- To defy the laws of tradition LYRICS - Statistics

General Stats
  • This quiz has been taken 14 times
  • The average score is 3 of 7
Answer Stats
Starting lyrics Finish it! % Correct
Who would cry the biggest tear, the child or the store?
77%
To defy the laws of tradition is a crusade only of the brave
54%
Why do brides wear virgin white? most do not deserve that right
46%
What if Christmas didn't come this year and no one paid for Christmas cheer?
38%
Suppose the taxman, he comes to town, and you don't lay your money down
31%
But to choose a color of their delight would surely bring on the frowns
23%
Yet Mr. Jones he killed Mr. Brown the other day well, I wonder, who's gonna go to hell
15%
No matching quizzes found
Score Distribution
Percent of People with Each Score
Percentile by Number Answered
Your Score History
You have not taken this quiz